000 00511nam a2200205Ia 4500
005 20230424105004.0
008 131103s9999 xx 000 0 und d
040 _aLoreto College
041 _aEnglish
082 _a823.6
_bPAL
100 _aPaltock, Robert
245 _aPeter Wilkins
_cRobert Paltock
260 _alondon
_bJ M Dent
_c1914
300 _axxiv,351p.
504 _aIncludes table
650 _aWilkins, Peter - criticism
651 _aEnglish fiction
850 _aLCLIB
942 _cBK
999 _c22270
_d72749